000 00406nam a22001697a 4500
003 CEME
005 20210628203619.0
008 210203b xxu||||| |||| 00| 0 eng d
040 _c.
082 _a956.94 MAR
100 _aMohammad Yaya Khan
_966547
245 _aYahoodi protocols
260 _aLAHORE
_bNIGARSHAAT
_c2003
300 _a336P
650 _aJEWS PROTOCOLS.ZION
_966548
942 _cBK
_2ddc
999 _c574507
_d574507